000 00476pab a2200157 454500
008 180718b2017 xxu||||| |||| 00| 0 eng d
100 _aChirisa, Innocent
245 _aTouts and the control of facilities in 'bleeding' Harare: a theoretical explanation of the dynamics of corruption in an African City
260 _c2017
300 _ap.264-280.
362 _aJun
650 _aCorruption - Africa
650 _aCorruption
773 _aSocial Change
909 _a115230
999 _c115224
_d115224